| 000 | 00684nam a2200241 a 4500 | ||
|---|---|---|---|
| 999 |
_c5768 _d5768 |
||
| 001 | 5768 | ||
| 003 | BD-JhCC | ||
| 005 | 20171221095902.0 | ||
| 008 | 171221s19601962u a|||| || | 001 0 eng d | ||
| 035 | _a(BD-JhCC)5768 | ||
| 040 |
_aBD-JhCC _dBD-JhCC |
||
| 041 | _aeng | ||
| 082 |
_a515 _bTRI 1962 |
||
| 100 | _aTrimble, H. C. | ||
| 245 |
_aElementary Analysis : _ba modern approach / _cH.C. Trimble and Fred W. Lott, jr. |
||
| 260 |
_aU.S.A. _bEnglewood Cliffs, N.J. Prentice- Hall, Inc. _c1962. |
||
| 300 |
_a621 p. : _bill. ; _c22 cm. |
||
| 490 | _aPrentice-Hall Mathematics Series | ||
| 504 | _aIncludes Index | ||
| 700 | _aLott, Fred W. | ||
| 942 |
_2ddc _cBK |
||